00558nam a2200169Ia 450000500170000000800410001704100080005808200100006610000060007624500990008226000250018130000080020665000320021494200070024699900150025395201200026820231124134851.0220524s9999 xx 000 0 und d aeng a428.1 a- aNew International Webster's Pocket Grammar, Speech & Style Dictionary of the English Language CCBS Publishersc2001 a314 aEnglish Dictionary 9205316 cBK c6741d6741 00104070aSOFTbSOFTd2001-11-06g350.00l0o1pSOFT-BK-2172r2022-07-08 00:00:00v350.00w2022-07-08yBKz002172